000 01030nmc a2200349 a 4500
003 AR-BaBNM
005 20251128211752.0
008 306020s2005 ||||||||||||||000 | spa||
020 _a950-00-0497-6
040 _cAR-BaBNM
245 1 0 _aProbador de inyectores y de motores paso a paso
250 _a1ª ed.
260 _aBuenos Aires
_bMinisterio de Educación, Ciencia y Tecnología. INET
_c2005
300 1 _aXV, 92, XXIII p.
_bil.
490 0 _aRecursos didácticos
_v2
650 4 _aFORMACION PROFESIONAL
653 _aEDUCACION TECNOLOGICA
653 _aENSENANZA DE LA TECNOLOGIA
653 _aPROYECTOS CURRICULARES
653 _aCONTENIDOS CURRICULARES
653 _aPROYECTOS TECNOLOGICOS
653 _aCAPACITACION DOCENTE
700 1 _aColombini, Carlos
700 1 _aForgan, Ernesto
700 1 _aMartín, Enrique
700 1 _aPellegrino, Graciela
700 1 _aPilotto, Pablo
700 1 _aBordo, Hilmar
700 1 _aSar, Federico
_ecolaborador
942 _cBK
998 _cme-solo cat
999 _c21029
_d21029